<?xml version="1.0" encoding="UTF-8"?>
<record
    xmlns:xsi="http://www.w3.org/2001/XMLSchema-instance"
    xsi:schemaLocation="http://www.loc.gov/MARC21/slim http://www.loc.gov/standards/marcxml/schema/MARC21slim.xsd"
    xmlns="http://www.loc.gov/MARC21/slim">

  <leader>01171nam a22002537a 4500</leader>
  <controlfield tag="005">20170124103131.0</controlfield>
  <datafield tag="010" ind1=" " ind2=" ">
    <subfield code="a">A-973013</subfield>
  </datafield>
  <datafield tag="020" ind1=" " ind2=" ">
    <subfield code="c">125.00</subfield>
  </datafield>
  <datafield tag="035" ind1=" " ind2=" ">
    <subfield code="a">A-973013</subfield>
  </datafield>
  <datafield tag="037" ind1=" " ind2=" ">
    <subfield code="b">Cen Lib/Ret</subfield>
  </datafield>
  <datafield tag="040" ind1=" " ind2=" ">
    <subfield code="a">DPL</subfield>
    <subfield code="b">HN</subfield>
  </datafield>
  <datafield tag="082" ind1=" " ind2=" ">
    <subfield code="a">828</subfield>
    <subfield code="b">&#x92A;&#x941;&#x937;&#x94D;&#x92A;&#x93E;&#x92D;&#x93E; </subfield>
  </datafield>
  <datafield tag="100" ind1=" " ind2=" ">
    <subfield code="a">&#x92A;&#x941;&#x937;&#x94D;&#x92A;&#x93E; &#x92D;&#x93E;&#x930;&#x924;&#x940; </subfield>
    <subfield code="9">84055</subfield>
  </datafield>
  <datafield tag="245" ind1=" " ind2=" ">
    <subfield code="a">&#x927;&#x930;&#x94D;&#x92E;&#x935;&#x940;&#x930; &#x92D;&#x93E;&#x930;&#x924;&#x940; &#x938;&#x947; &#x938;&#x93E;&#x915;&#x94D;&#x937;&#x93E;&#x924;&#x94D;&#x915;&#x93E;&#x930; /</subfield>
    <subfield code="c">&#x92A;&#x941;&#x937;&#x94D;&#x92A;&#x93E; &#x92D;&#x93E;&#x930;&#x924;&#x940; </subfield>
  </datafield>
  <datafield tag="246" ind1=" " ind2=" ">
    <subfield code="a">Dharamveer bharti se sakshatkaar </subfield>
    <subfield code="b">by Pushpaa Bharti </subfield>
  </datafield>
  <datafield tag="260" ind1=" " ind2=" ">
    <subfield code="a">&#x928;&#x908; &#x926;&#x93F;&#x932;&#x94D;&#x932;&#x940; </subfield>
    <subfield code="b">&#x92D;&#x93E;&#x930;&#x924;&#x940;&#x92F; &#x91C;&#x94D;&#x91E;&#x93E;&#x928;&#x92A;&#x940;&#x920; &#x92A;&#x94D;&#x930;&#x915;&#x93E;&#x936;&#x928; </subfield>
    <subfield code="c">1998</subfield>
  </datafield>
  <datafield tag="270" ind1=" " ind2=" ">
    <subfield code="a">18-&#x907;&#x902;&#x938;&#x94D;&#x91F;&#x940;&#x91F;&#x942;&#x91F;&#x928;&#x932;  &#x90F;&#x930;&#x93F;&#x92F;&#x93E; &#x932;&#x94B;&#x926;&#x940; &#x930;&#x94B;&#x921;</subfield>
    <subfield code="b">&#x928;&#x908; &#x926;&#x93F;&#x932;&#x94D;&#x932;&#x940; </subfield>
    <subfield code="e">110003</subfield>
  </datafield>
  <datafield tag="300" ind1=" " ind2=" ">
    <subfield code="a">xi,180&#x92A;&#x943;&#x937;&#x94D;&#x920;. </subfield>
    <subfield code="c">21&#x938;&#x947;&#x92E;&#x940;(&#x938;&#x91C;&#x93F;&#x932;&#x94D;&#x926;)</subfield>
  </datafield>
  <datafield tag="650" ind1=" " ind2=" ">
    <subfield code="a">&#x939;&#x93F;&#x902;&#x926;&#x940;  &#x938;&#x93E;&#x939;&#x93F;&#x924;&#x94D;&#x92F; </subfield>
    <subfield code="9">84056</subfield>
  </datafield>
  <datafield tag="650" ind1=" " ind2=" ">
    <subfield code="a"> &#x938;&#x93E;&#x915;&#x94D;&#x937;&#x93E;&#x924;&#x94D;&#x915;&#x93E;&#x930; - &#x927;&#x930;&#x94D;&#x92E;&#x935;&#x940;&#x930; &#x92D;&#x93E;&#x930;&#x924;&#x940; </subfield>
    <subfield code="9">84057</subfield>
  </datafield>
  <datafield tag="650" ind1=" " ind2=" ">
    <subfield code="a">hindi literature</subfield>
    <subfield code="9">84058</subfield>
  </datafield>
  <datafield tag="650" ind1=" " ind2=" ">
    <subfield code="a">interview - Dharmveer Bharti</subfield>
    <subfield code="9">84059</subfield>
  </datafield>
  <datafield tag="942" ind1=" " ind2=" ">
    <subfield code="2">ddc</subfield>
    <subfield code="c">HN</subfield>
    <subfield code="h">828</subfield>
    <subfield code="m">&#x92A;&#x941;&#x937;&#x92A;&#x93E;&#x92D;&#x93E; </subfield>
  </datafield>
  <datafield tag="999" ind1=" " ind2=" ">
    <subfield code="c">119260</subfield>
    <subfield code="d">119260</subfield>
  </datafield>
  <datafield tag="952" ind1=" " ind2=" ">
    <subfield code="0">0</subfield>
    <subfield code="1">0</subfield>
    <subfield code="4">0</subfield>
    <subfield code="7">0</subfield>
    <subfield code="a">L</subfield>
    <subfield code="b">L</subfield>
    <subfield code="d">2015-09-16</subfield>
    <subfield code="e">Cen Lib/Ret</subfield>
    <subfield code="g">125.00</subfield>
    <subfield code="l">1</subfield>
    <subfield code="o">828 &#x92A;&#x941;&#x937;&#x94D;&#x92A;&#x93E;&#x92D;&#x93E;</subfield>
    <subfield code="p">A-973013</subfield>
    <subfield code="r">2018-08-20 00:00:00</subfield>
    <subfield code="s">2018-08-06</subfield>
    <subfield code="t">1</subfield>
    <subfield code="v">125.00</subfield>
    <subfield code="w">2015-09-16</subfield>
    <subfield code="y">HN</subfield>
  </datafield>
</record>
